ऐसा है हमारा सौरमंडल / (Record no. 168875)
[ view plain ]
| 000 -LEADER | |
|---|---|
| fixed length control field | 01006nam a22002297a 4500 |
| 005 - DATE AND TIME OF LATEST TRANSACTION | |
| control field | 20191030154208.0 |
| 010 ## - LCCN (DPL NO) | |
| LC control number | B-730640 |
| 020 ## - INTERNATIONAL STANDARD BOOK NUMBER | |
| Terms of availability | 295.00 |
| International Standard Book Number | 9788170435242 |
| 035 ## - SYSTEM CONTROL NUMBER | |
| System control number | B-730640 |
| 037 ## - SOURCE OF ACQUISITION | |
| Source of stock number/acquisition | डी.बी.ए.डी./ उपहार |
| 082 ## - DEWEY DECIMAL CLASSIFICATION NUMBER | |
| Classification number | 523.2 |
| 100 ## - MAIN ENTRY--PERSONAL NAME | |
| Personal name | यादव, हरीश |
| 245 ## - TITLE STATEMENT | |
| Title | ऐसा है हमारा सौरमंडल / |
| Statement of responsibility, etc | हरीश यादव |
| 260 ## - PUBLICATION, DISTRIBUTION, ETC. (IMPRINT) | |
| Place of publication, distribution, etc | दिल्ली |
| Name of publisher, distributor, etc | आत्माराम एण्ड संस |
| Date of publication, distribution, etc | 2017 |
| 270 ## - ADDRESS | |
| Address | 1376, कश्मीरी गेट |
| City | दिल्ली |
| Postal code | 110006 |
| Telephone number | 011-23946466, 23973082 |
| 300 ## - PHYSICAL DESCRIPTION | |
| Extent | 48पृ |
| Dimensions | 24सेमी (सजिल्द) |
| Other physical details | सचित्र |
| 650 ## - SUBJECT ADDED ENTRY--TOPICAL TERM | |
| Topical term or geographic name as entry element | Science |
| General subdivision | Encuclopedia |
| 650 ## - SUBJECT ADDED ENTRY--TOPICAL TERM | |
| Topical term or geographic name as entry element | विज्ञान |
| General subdivision | विश्वकोश |
| 700 ## - ADDED ENTRY--PERSONAL NAME | |
| 9 (RLIN) | 38454 |
| 942 ## - ADDED ENTRY ELEMENTS (KOHA) | |
| Institution code [OBSOLETE] | dpl |
| Item type | Children Books |
| Source of classification or shelving scheme | Dewey Decimal Classification |
| Classification part | 523.2 |
| Call number suffix | यादव |
| Withdrawn status | Lost status | Not for loan | Collection code | Home library | Current library | Date acquired | Source of acquisition | Cost, normal purchase price | Full call number | Barcode | Copy number | Cost, replacement price | Koha item type | Public note |
|---|---|---|---|---|---|---|---|---|---|---|---|---|---|---|
| Non-fiction | Kadipur | Kadipur | 30/10/2019 | उपहार/22.10.2019 | 295.00 | 523.2 यादव | B-730640 | 1 | 295.00 | Children Books | उपहार |
